| 000 | 00776nam a2200265Ia 4500 | ||
|---|---|---|---|
| 003 | OSt | ||
| 005 | 20220924115332.0 | ||
| 006 | a|||||r|||| 00| 0 | ||
| 007 | ta | ||
| 008 | 220923b |||||||| |||| 00| 0 urd d | ||
| 020 | _a9789381029374 (hbk) | ||
| 020 | _cINR 225.00 | ||
| 024 | _a324320 | ||
| 037 |
_b4937, 25/02/2017, Kitabi Duniya _cTextual |
||
| 040 |
_aARTS _cARTS _burd |
||
| 041 |
_2urd _aurd |
||
| 082 | _aYz7, 168Q2 | ||
| 100 |
_aSiwani Ghaus Au. _9177835 |
||
| 245 | 0 | _aJadeed dunia ke masail aur tasawwuf | |
| 260 |
_aDelhi _bArshia publications India _c2012 |
||
| 300 |
_a280p. _ccm. |
||
| 650 | _aSOCIOLOGY | ||
| 942 |
_hYz7, 168Q2 _cTEXL _2CC |
||
| 999 |
_c397887 _d397887 |
||